[Event "SVK-chT3B2 1920"]
[Site "Slovakia"]
[Date "2020.06.21"]
[Round "10.6"]
[White "Mikus, Peter"]
[Black "Jankech, Andrej"]
[Result "1-0"]
[WhiteElo "1689"]
[BlackElo "1399"]
[PlyCount "73"]
[EventDate "2019.10.06"]
[EventType "team-tourn"]
[EventRounds "11"]
[EventCountry "SVK"]
[SourceTitle "EXT 2022"]
[Source "ChessBase"]
[SourceDate "2021.10.06"]
[SourceVersion "1"]
[SourceVersionDate "2021.10.06"]
[SourceQuality "1"]
[WhiteTeam "Trencin II"]
[BlackTeam "Dubnica nad Vahom IV"]
[WhiteTeamCountry "SVK"]
[BlackTeamCountry "SVK"]

1. Nf3 f5 2. c4 Nf6 3. Nc3 b6 4. g3 Bb7 5. Bg2 e6 6. 0-0 Be7 7. b3 0-0 8. Bb2 c5 9. Rc1 Nc6 10. e3 e5 11. Qc2 e4 12. Ne1 Nb4 13. Qb1 d5 14. cxd5 Ba6 15. d3 Nxd3 16. Rd1 Nxb2 17. Qxb2 Ne8 18. Ne2 Bf6 19. Qc2 Rc8 20. Nf4 Qd6 21. f3 Bxf1 22. Bxf1 exf3 23. Nxf3 Nc7 24. Qxf5 Rce8 25. Bd3 Rxe3 26. Qxh7+ Kf7 27. Ne6 Re8 28. Nfg5+ Ke7 29. Nxg7 Rxg3+ 30. hxg3 Qxg3+ 31. Kh1 Kd8 32. Nxe8 Bxg5 33. Be4 Kxe8 34. Rf1 Kd8 35. Qh5 Ne8 36. Rg1 Qf2 37. Qxg5+ 1-0

[Event "SVK-chT3B2 1819"]
[Site "Slovakia"]
[Date "2018.11.25"]
[Round "3.8"]
[White "Bezak, Radovan1111"]
[Black "Jankech, Andrej"]
[Result "0-1"]
[WhiteElo "1459"]
[BlackElo "1000"]
[PlyCount "124"]
[EventDate "2018.10.21"]
[EventType "team-tourn"]
[EventRounds "11"]
[EventCountry "SVK"]
[SourceTitle "CBM 189 Extra"]
[Source "ChessBase"]
[SourceDate "2019.06.03"]
[SourceVersion "1"]
[SourceVersionDate "2019.06.03"]
[SourceQuality "1"]
[WhiteTeam "Chynorany"]
[BlackTeam "Dubnica nad Vahom IV"]
[WhiteTeamCountry "SVK"]
[BlackTeamCountry "SVK"]

1. e4 c6 2. Nf3 d5 3. exd5 cxd5 4. d4 Nf6 5. Nc3 g6 6. Bg5 Bg7 7. Bb5+ Bd7 8. Qd3 e6 9. Ne5 0-0 10. Bxd7 Nbxd7 11. Qb5 Qc7 12. Bxf6 Nxf6 13. 0-0 Ne4 14. Nxe4 Bxe5 15. dxe5 dxe4 16. c3 a6 17. Qb4 Qxe5 18. Rfe1 f5 19. f3 a5 20. Qb6 Ra6 21. Qe3 Qb5 22. fxe4 fxe4 23. Rab1 Qf5 24. Qxe4 Qf2+ 25. Kh1 Rb6 26. Qe2 Rf4 27. b3 a4 28. b4 Qxe2 29. Rxe2 Rc4 30. Rc1 Rbxb4 31. h3 Rb6 32. Re3 Rbc6 33. Kh2 b5 34. a3 Rf4 35. Rb1 Rf5 36. Rd1 Rfc5 37. Rdd3 Kf7 38. g4 Ke7 39. Kg3 h6 40. Kf3 Rc4 41. Ke2 Rd6 42. Re5 Rdc6 43. Rxb5 Rxc3 44. Rb4 Rxd3 45. Kxd3 Ra6 46. Rd4 Rd6 47. Ke4 Rxd4+ 48. Kxd4 Kd6 49. Ke4 g5 50. Kd4 e5+ 51. Kc4 Kc6 52. Kb4 e4 53. Kc4 e3 54. Kd3 Kd5 55. Kxe3 Kc4 56. Kd2 Kb3 57. Kc1 Kxa3 58. Kc2 Kb4 59. Kb2 a3+ 60. Kc2 Kc4 61. Kc1 Kc3 62. Kb1 Kd3 0-1